| 000 | 00471nmm a2200157Ia 4500 | ||
|---|---|---|---|
| 008 | 251105s9999||||xx |||||||||||||||||und|| | ||
| 041 | _aspa | ||
| 100 | _aMartínez, Ramón | ||
| 245 | 0 |
_aLa cultura de la homofobia : _b Y cómo acabar con ella |
|
| 264 |
_a[Madrid, España] : _bEditorial Egales, _c2017 |
||
| 300 | _a186 páginas | ||
| 490 | _aEnsayo | ||
| 650 | _aGender and Women Studies | ||
| 856 | _uhttps://public.digitaliapublishing.com/a/175907 | ||
| 942 | _cCF | ||
| 999 |
_c99188 _d99188 |
||